Harry Potter Categories - Statistics

General Stats
  • This quiz has been taken 107 times
  • The average score is 16 of 21
Answer Stats
Hint Answer % Correct
Houses Gryffindor
99%
Main Characters Harry
99%
Ron
99%
Grey Lady(Helena Ravenclaw)
98%
Hermione
98%
Hufflepuff
98%
Ravenclaw
98%
Slytherin
98%
Draco
93%
Malfoys Lucius
90%
Nearly Headless Nick
85%
Narcissa
82%
Dragons Hungarian Horntail
67%
Bloody Baron
66%
Moaning Myrtle
60%
Ghosts Fat Friar
57%
Chinese Fireball
46%
Common Welsh-Green
45%
Norbert(a)
38%
Swedish Short-Snout
36%
Abraxas
20%
No matching quizzes found
Score Distribution
Percent of People with Each Score
Percentile by Number Answered
Your Score History
You have not taken this quiz